| 000 | 00712nab a2200253 a 4500 | ||
|---|---|---|---|
| 001 | 61438 | ||
| 003 | 133614 | ||
| 005 | 20201118105826.0 | ||
| 008 | ||||||n9999 ||| || || | ||
| 041 | _aspa | ||
| 100 | _aRojas Rojas, Eduardo | ||
| 245 | 0 | _aConflictos morales, derechos humanos y etica publica | |
| 260 |
_aBogotá : _bCentro de Investigación y Educación Popular-CINEP, _c1998. |
||
| 300 | _app.121-160 | ||
| 562 | _e0 | ||
| 650 | _aCOLOMBIA | ||
| 650 | _aCONTEXTO ECONOMICO | ||
| 650 | _aDESIGUALDAD SOCIAL | ||
| 650 | _aSISTEMA DE VALORES | ||
| 650 | _aVALORES SOCIALES | ||
| 650 | _aVIOLACIÓN DE LOS DERECHOS HUMANOS | ||
| 773 |
_060549 _aControversia - No.173 |
||
| 942 | _cSART | ||
| 999 |
_c61438 _d61438 |
||